| 000 | 01116nam a22002057a 4500 | ||
|---|---|---|---|
| 999 |
_c9522 _d9522 |
||
| 003 | GBCCL | ||
| 005 | 20241126110713.0 | ||
| 008 | 230223b ||||| |||| 00| 0 eng d | ||
| 040 | _cgbc | ||
| 082 |
_a230 _bNUN |
||
| 100 |
_aNungshitula _916574 |
||
| 245 |
_aThe Naga images of the human being : _ba resource for a contemporary theological anthropology |
||
| 260 |
_aJohart, Assam [India], _bTribal Study Centre, _c2001 |
||
| 300 |
_a ii, 161 pages ; _c22 cm |
||
| 501 | _aOriginally presented as the author's thesis (M. Th.--United Theological College, 1999) under the title: Ao Naga images of the human being as a resource for a contemporary theological anthropology | ||
| 505 | _aContemporary theological anthropology of the Ao Nagas : the need to search for a new anthropology Images of the human being in the Ao Naga traditional worldview Toward a contextual theological anthropology for the Ao Nagas : Christ as paradigm for theological anthropology | ||
| 650 |
_aReligion _z Naga (South Asian people) _916577 |
||
| 650 |
_aReligion _vTheological anthropology _xChristianity _916578 |
||
| 942 |
_2ddc _cBK _01 |
||